000 00378cam a22001337a 4500
008 180718b1964 xxu||||| |||| 00| 0 eng d
082 _aA99 N315b/M791
100 _aMoraes, Frank
245 _aNehru: sunlight and shadow
_cby Frank Moraes
260 _aBombay
_bJaico
_c1964
300 _a208p.
500 _aRs.16.00
650 _aNehru, Jawaharlal - Criticism and Interpretation
999 _c374186
_d374186